书目信息 |
| 题名: |
膝关节韧带损伤
|
|
| 作者: | ;李众利 , 傅仰木 译 | |
| 分册: | ||
| 出版信息: | 北京 科学出版社 2018 |
|
| 页数: | 230页 | |
| 开本: | 21cm | |
| 丛书名: | ||
| 单 册: | ||
| 中图分类: | R687.4 | |
| 科图分类: | ||
| 主题词: | 膝关节--关节韧带--外科手术 | |
| 电子资源: | ||
| ISBN: | 978-7-03-057345-2 | |
| 000 | 01349nam0 2200313 450 | |
| 001 | 0035784273 | |
| 005 | 20180809133652.0 | |
| 010 | @a978-7-03-057345-2@b@dCNY88.00 | |
| 100 | @a20180620d2018 em y0chiy50 ea | |
| 101 | 1 | @achi@cita |
| 102 | @aCN@b110000 | |
| 105 | @aa z 000yy | |
| 106 | @ar | |
| 200 | 1 | @a膝关节韧带损伤@9xi guan jie ren dai sun shang@dKnee ligament injuries@e关节外手术@eextraarticular surgical techniques@fRoberto Rossi,Fabrizio Margheritini原著@g李众利,傅仰木主译@zeng |
| 210 | @a北京@c科学出版社@d2018 | |
| 215 | @a230页@c彩照@d21cm | |
| 300 | @a中文翻译版 | |
| 330 | @a本书共分16章,系统介绍了膝关节解剖学、运动学、膝关节韧带损伤生物力学机制,重点介绍了膝关节前内侧和后外侧结构的急慢性损伤,以及合并前后交叉韧带损伤、复杂损伤的处理方法,涵盖了术前计划、影像学诊断、手术技术、术后随访等方面的最新知识、最新技术,同时讨论了东西方手术经验及术后康复训练方法,附有大量的参考资料和文献。 | |
| 510 | 1 | @aKnee ligament injuries@eextraarticular surgical techniques@zeng |
| 517 | 1 | @a关节外手术@9guan jie wai shou shu |
| 606 | 0 | @a膝关节@x关节韧带@x外科手术 |
| 690 | @aR687.4@v5 | |
| 701 | 0 | @a@bRoberto@4原著 |
| 701 | 0 | @a@bFabrizio@4原著 |
| 702 | 0 | @a李众利@9li zhong li@4译 |
| 702 | 0 | @a傅仰木@9fu yang mu@4译 |
| 801 | 0 | @aCN@bMUSE@c20181206@g |
| 905 | @aBZT@dR687.4@e5 | |
| 906 | @dCNY88.00@n3@r1 | |
| 膝关节韧带损伤=Knee ligament injuries:关节外手术:extraarticular surgical techniques/Roberto Rossi,Fabrizio Margheritini原著/李众利,傅仰木主译.-北京:科学出版社,2018 |
| 230页:彩照;21cm |
| 中文翻译版 |
| ISBN 978-7-03-057345-2:CNY88.00 |
| 本书共分16章,系统介绍了膝关节解剖学、运动学、膝关节韧带损伤生物力学机制,重点介绍了膝关节前内侧和后外侧结构的急慢性损伤,以及合并前后交叉韧带损伤、复杂损伤的处理方法,涵盖了术前计划、影像学诊断、手术技术、术后随访等方面的最新知识、最新技术,同时讨论了东西方手术经验及术后康复训练方法,附有大量的参考资料和文献。 |
| ● |
| 相关链接 |
|
|
|
正题名:膝关节韧带损伤
索取号:R687.4/5
 
预约/预借
| 序号 | 登录号 | 条形码 | 馆藏地/架位号 | 状态 | 备注 |
| 1 | 858148 | 2000858148 | 第二书库/ [索取号:R687.4/5] | 在馆 | |
| 2 | 858149 | 2000858149 | 第二书库/ [索取号:R687.4/5] | 在馆 | |
| 3 | 858150 | 2000858150 | 第二书库/ [索取号:R687.4/5] |
已借出,限还日期为2026.01.01 借出人:崔汝洁 |